[Event "New Zealand Junior Championship"]
[Site "Wellington"]
[Date "2023.01.04"]
[Round "2.8"]
[White "Braganza, Nadia"]
[Black "Tao, Junqing Jerome"]
[Result "1-0"]
[WhiteElo "1838"]
[BlackElo "1465"]

1. e4 {[%clk 01:00:56] [%emt 00:00:04]} 1... e5 {[%clk 00:54:25] [%emt
00:06:36]} 2. Nf3 {[%clk 01:01:20] [%emt 00:00:06]} 2... Nc6 {[%clk 00:54:49]
[%emt 00:00:06]} 3. Bc4 {[%clk 01:01:47] [%emt 00:00:03]} 3... Bc5 {[%clk
00:55:15] [%emt 00:00:04]} 4. c3 {[%clk 01:01:17] [%emt 00:00:59]} 4... Nf6
{[%clk 00:54:58] [%emt 00:00:46]} 5. d3 {[%clk 01:01:41] [%emt 00:00:06]} 5...
h6 {[%clk 00:55:11] [%emt 00:00:16]} 6. O-O {[%clk 01:01:18] [%emt 00:00:53]}
6... d6 {[%clk 00:55:29] [%emt 00:00:13]} 7. a4 {[%clk 01:01:22] [%emt
00:00:26]} 7... a5 {[%clk 00:55:29] [%emt 00:00:30]} 8. Na3 {[%clk 01:00:30]
[%emt 00:01:22]} 8... Bg4 {[%clk 00:54:52] [%emt 00:01:06]} 9. Nc2 {[%clk
00:57:00] [%emt 00:04:00]} 9... O-O {[%clk 00:53:17] [%emt 00:02:06]} 10. Be3
{[%clk 00:57:09] [%emt 00:00:21]} 10... Bxe3 {[%clk 00:52:45] [%emt 00:01:02]}
11. Nxe3 {[%clk 00:57:32] [%emt 00:00:07]} 11... Be6 {[%clk 00:53:09] [%emt
00:00:06]} 12. Qb3 {[%clk 00:47:15] [%emt 00:10:47]} 12... Qc8 {[%clk 00:48:26]
[%emt 00:05:13]} 13. Nh4 {[%clk 00:46:38] [%emt 00:01:06]} 13... Ne7 {[%clk
00:47:39] [%emt 00:01:18]} 14. f4 {[%clk 00:41:03] [%emt 00:06:06]} 14... exf4
{[%clk 00:46:47] [%emt 00:01:21]} 15. Rxf4 {[%clk 00:41:25] [%emt 00:00:08]}
15... b6 {[%clk 00:46:47] [%emt 00:00:31]} 16. Rff1 {[%clk 00:36:57] [%emt
00:04:58]} 16... Bxc4 {[%clk 00:46:17] [%emt 00:00:59]} 17. Qxc4 {[%clk
00:36:53] [%emt 00:00:34]} 17... Qa6 {[%clk 00:34:42] [%emt 00:12:06]} 18. Qxa6
{[%clk 00:36:43] [%emt 00:00:39]} 18... Rxa6 {[%clk 00:35:09] [%emt 00:00:04]}
19. Nhf5 {[%clk 00:36:35] [%emt 00:00:38]} 19... Nc6 {[%clk 00:33:47] [%emt
00:01:52]} 20. Nxh6+ {[%clk 00:35:59] [%emt 00:01:05]} 20... Kh7 {[%clk
00:32:10] [%emt 00:02:07]} 21. Nhf5 {[%clk 00:36:01] [%emt 00:00:28]} 21... g6
{[%clk 00:31:19] [%emt 00:01:20]} 22. Nxd6 {[%clk 00:35:43] [%emt 00:00:48]}
22... Kg7 {[%clk 00:31:09] [%emt 00:00:39]} 23. Ndc4 {[%clk 00:35:49] [%emt
00:00:25]} 23... Nd7 {[%clk 00:31:34] [%emt 00:00:06]} 24. d4 {[%clk 00:32:09]
[%emt 00:04:10]} 24... Re8 {[%clk 00:31:45] [%emt 00:00:19]} 25. e5 {[%clk
00:32:31] [%emt 00:00:08]} 25... Re6 {[%clk 00:31:33] [%emt 00:00:42]} 26. d5
{[%clk 00:32:37] [%emt 00:00:24]} 26... Re8 {[%clk 00:31:51] [%emt 00:00:12]}
27. dxc6 {[%clk 00:33:01] [%emt 00:00:07]} 27... Nxe5 {[%clk 00:32:14] [%emt
00:00:07]} 28. Nxe5 {[%clk 00:32:24] [%emt 00:01:06]} 28... Rxe5 {[%clk
00:32:36] [%emt 00:00:09]} 29. Nc2 {[%clk 00:31:54] [%emt 00:01:00]} 29... Re2
{[%clk 00:32:25] [%emt 00:00:40]} 30. Rf2 {[%clk 00:32:18] [%emt 00:00:06]}
30... Re5 {[%clk 00:32:31] [%emt 00:00:24]} 31. Re1 {[%clk 00:32:32] [%emt
00:00:17]} 31... Rc5 {[%clk 00:32:44] [%emt 00:00:18]} 32. Nd4 {[%clk 00:32:57]
[%emt 00:00:05]} 32... Rc4 {[%clk 00:32:47] [%emt 00:00:27]} 33. Re7 {[%clk
00:32:47] [%emt 00:00:40]} 33... Rxa4 {[%clk 00:32:53] [%emt 00:00:24]} 34.
Rfxf7+ {[%clk 00:32:51] [%emt 00:00:26]} 34... Kg8 {[%clk 00:33:12] [%emt
00:00:08]} 35. Rg7+ {[%clk 00:33:03] [%emt 00:00:19]} 35... Kf8 {[%clk
00:33:31] [%emt 00:00:12]} 36. Ne6# {[%clk 00:32:57] [%emt 00:00:06]} 1-0

[Event "New Zealand Junior Championship"]
[Site "Wellington"]
[Date "2023.01.04"]
[Round "2.9"]
[White "Mavaram, Eashan"]
[Black "Malcolm, Leo"]
[Result "0-1"]
[WhiteElo "1441"]
[BlackElo "1777"]

1. e4 {[%clk 00:59:54] [%emt 00:01:05]} 1... e5 {[%clk 01:00:40] [%emt
00:00:23]} 2. Nf3 {[%clk 00:59:29] [%emt 00:00:54]} 2... Nc6 {[%clk 01:01:00]
[%emt 00:00:09]} 3. Bb5 {[%clk 00:59:50] [%emt 00:00:09]} 3... f5 {[%clk
01:01:28] [%emt 00:00:03]} 4. d4 {[%clk 00:59:54] [%emt 00:00:26]} 4... fxe4
{[%clk 01:01:16] [%emt 00:00:42]} 5. Nxe5 {[%clk 01:00:13] [%emt 00:00:11]}
5... Nxe5 {[%clk 01:01:29] [%emt 00:00:18]} 6. dxe5 {[%clk 00:59:04] [%emt
00:01:38]} 6... c6 {[%clk 01:01:57] [%emt 00:00:03]} 7. Bc4 {[%clk 00:54:05]
[%emt 00:05:29]} 7... Qa5+ {[%clk 01:02:16] [%emt 00:00:11]} 8. Bd2 {[%clk
00:48:00] [%emt 00:06:34]} 8... Qxe5 {[%clk 01:02:40] [%emt 00:00:06]} 9. Bb3
{[%clk 00:47:38] [%emt 00:00:53]} 9... d5 {[%clk 01:01:30] [%emt 00:01:39]} 10.
O-O {[%clk 00:42:13] [%emt 00:05:54]} 10... Bc5 {[%clk 00:58:52] [%emt
00:03:09]} 11. Nc3 {[%clk 00:35:39] [%emt 00:07:05]} 11... Nf6 {[%clk 00:58:51]
[%emt 00:00:31]} 12. Ne2 {[%clk 00:27:50] [%emt 00:08:19]} 12... Bg4 {[%clk
00:58:07] [%emt 00:01:13]} 13. Bf4 {[%clk 00:27:39] [%emt 00:00:42]} 13... Qf5
{[%clk 00:57:42] [%emt 00:00:54]} 14. Be3 {[%clk 00:25:24] [%emt 00:02:46]}
14... Bd6 {[%clk 00:55:03] [%emt 00:03:09]} 15. Ng3 {[%clk 00:22:54] [%emt
00:03:00]} 15... Qg6 {[%clk 00:54:10] [%emt 00:01:22]} 16. Qd2 {[%clk 00:22:05]
[%emt 00:01:19]} 16... h5 {[%clk 00:53:32] [%emt 00:01:07]} 17. h4 {[%clk
00:21:17] [%emt 00:01:19]} 17... Nd7 {[%clk 00:51:43] [%emt 00:02:19]} 18. Bg5
{[%clk 00:19:05] [%emt 00:02:43]} 18... O-O {[%emt 00:06:08]} 19. c4 {[%clk
00:14:51]} 19... Rae8 {[%clk 00:43:34] [%emt 00:07:43]} 20. cxd5 {[%clk
00:13:59] [%emt 00:01:22]} 20... c5 {[%clk 00:42:19] [%emt 00:01:47]} 21. Bc2
{[%clk 00:12:12] [%emt 00:02:17]} 21... Bf5 {[%clk 00:38:23] [%emt 00:04:25]}
22. Rac1 {[%clk 00:09:54] [%emt 00:02:49]} 22... Ne5 {[%clk 00:37:12] [%emt
00:01:41]} 23. Nxf5 {[%clk 00:09:27] [%emt 00:00:57]} 23... Qxf5 {[%clk
00:37:00] [%emt 00:00:43]} 24. f4 {[%clk 00:08:50] [%emt 00:01:07]} 24... Ng4
{[%clk 00:33:14] [%emt 00:04:15]} 25. Rce1 {[%clk 00:07:41] [%emt 00:01:39]}
25... c4 {[%clk 00:30:04] [%emt 00:03:40]} 26. Re2 {[%clk 00:06:28] [%emt
00:01:44]} 26... Bc5+ {[%clk 00:27:58] [%emt 00:02:35]} 27. Kh1 {[%clk
00:06:36] [%emt 00:00:22]} 27... Nf2+ {[%clk 00:25:10] [%emt 00:03:18]} 28. Kh2
{[%clk 00:06:41] [%emt 00:00:25]} 28... Nd3 {[%clk 00:22:56] [%emt 00:02:44]}
29. Bxd3 {[%clk 00:06:41] [%emt 00:00:30]} 29... cxd3 {[%clk 00:21:50] [%emt
00:01:37]} 30. Re3 {[%clk 00:05:34] [%emt 00:01:37]} 30... Qxd5 {[%clk
00:20:55] [%emt 00:01:24]} 31. Rfe1 {[%clk 00:05:01] [%emt 00:01:04]} 31...
Bxe3 {[%clk 00:20:45] [%emt 00:00:40]} 32. Rxe3 {[%clk 00:05:16] [%emt
00:00:15]} 32... Rc8 {[%clk 00:20:28] [%emt 00:00:47]} 33. Rg3 {[%clk 00:03:56]
[%emt 00:01:50]} 33... Rc2 {[%clk 00:20:25] [%emt 00:00:33]} 34. Qb4 {[%clk
00:04:20] [%emt 00:00:06]} 34... d2 {[%clk 00:18:11] [%emt 00:02:44]} 35. Bh6
{[%clk 00:04:36] [%emt 00:00:14]} 35... Rf7 {[%clk 00:17:29] [%emt 00:01:12]}
36. Qa4 {[%clk 00:04:22] [%emt 00:00:44]} 36... Qc6 {[%clk 00:16:38] [%emt
00:01:20]} 37. Qd4 {[%clk 00:04:16] [%emt 00:00:36]} 37... Qxh6 {[%clk
00:16:48] [%emt 00:00:20]} 38. Qxe4 {[%clk 00:03:45] [%emt 00:01:00]} 38...
d1=Q {[%clk 00:16:44] [%emt 00:00:36]} 39. Qe8+ {[%clk 00:04:06] [%emt
00:00:09]} 39... Rf8 {[%clk 00:17:04] [%emt 00:00:10]} 40. Qe5 {[%clk 00:03:58]
[%emt 00:00:35]} 40... Rc1 {[%clk 00:15:44] [%emt 00:01:51]} 41. Rg5 {[%clk
00:03:55] [%emt 00:00:33]} 41... Qdd6 {[%clk 00:14:46] [%emt 00:01:28]} 42.
Rxg7+ {[%clk 00:03:16] [%emt 00:01:08]} 42... Qxg7 {[%clk 00:15:05] [%emt
00:00:12]} 43. Qxd6 {[%clk 00:03:35] [%emt 00:00:10]} 43... Qf7 {[%clk
00:14:02] [%emt 00:01:33]} 44. Qd3 {[%clk 00:02:30] [%emt 00:01:36]} 44...
Qxf4+ {[%clk 00:14:26] [%emt 00:00:06]} 45. g3 {[%clk 00:01:56] [%emt
00:01:03]} 45... Qf2+ {[%clk 00:14:43] [%emt 00:00:13]} 46. Kh3 {[%clk
00:02:14] [%emt 00:00:13]} 46... Rh1# {[%clk 00:15:07] [%emt 00:00:06]} 0-1

[Event "New Zealand Junior Championship"]
[Site "Wellington"]
[Date "2023.01.04"]
[Round "2.10"]
[White "Barnett-Harris, Lucas"]
[Black "Yue, Annie"]
[Result "1-0"]
[WhiteElo "1769"]
[BlackElo "1425"]

1. d4 {[%clk 01:00:58] [%emt 00:00:02]} 1... d5 {[%clk 01:00:51] [%emt
00:00:09]} 2. c4 {[%clk 01:01:21] [%emt 00:00:07]} 2... e6 {[%clk 01:01:02]
[%emt 00:00:19]} 3. Nf3 {[%clk 01:01:41] [%emt 00:00:09]} 3... Nf6 {[%clk
01:01:12] [%emt 00:00:20]} 4. Nc3 {[%clk 01:02:01] [%emt 00:00:09]} 4... g6
{[%clk 01:01:03] [%emt 00:00:40]} 5. Bf4 {[%clk 01:02:07] [%emt 00:00:24]} 5...
a6 {[%clk 01:00:54] [%emt 00:00:38]} 6. a3 {[%clk 01:00:06] [%emt 00:02:32]}
6... Bg7 {[%clk 01:00:45] [%emt 00:00:39]} 7. e3 {[%clk 00:58:06] [%emt
00:02:30]} 7... b6 {[%clk 01:00:04] [%emt 00:01:11]} 8. b4 {[%clk 00:55:35]
[%emt 00:03:01]} 8... Nh5 {[%clk 00:58:13] [%emt 00:02:20]} 9. Be5 {[%clk
00:54:08] [%emt 00:01:57]} 9... f6 {[%clk 00:58:22] [%emt 00:00:21]} 10. Bg3
{[%clk 00:54:32] [%emt 00:00:06]} 10... Nxg3 {[%clk 00:58:34] [%emt 00:00:18]}
11. hxg3 {[%clk 00:54:56] [%emt 00:00:06]} 11... Bb7 {[%clk 00:56:03] [%emt
00:03:00]} 12. cxd5 {[%clk 00:52:49] [%emt 00:02:37]} 12... Bxd5 {[%clk
00:54:36] [%emt 00:01:57]} 13. Nxd5 {[%clk 00:52:38] [%emt 00:00:41]} 13...
Qxd5 {[%clk 00:54:59] [%emt 00:00:06]} 14. Rc1 {[%clk 00:51:50] [%emt
00:01:18]} 14... c6 {[%clk 00:54:10] [%emt 00:01:20]} 15. Bd3 {[%clk 00:51:08]
[%emt 00:01:12]} 15... a5 {[%clk 00:51:30] [%emt 00:03:10]} 16. Qc2 {[%clk
00:49:04] [%emt 00:02:33]} 16... e5 {[%clk 00:44:01] [%emt 00:07:59]} 17. b5
{[%clk 00:45:30] [%emt 00:04:05]} 17... Ra7 {[%clk 00:41:46] [%emt 00:02:46]}
18. Be4 {[%clk 00:45:15] [%emt 00:00:45]} 18... Qd6 {[%clk 00:41:17] [%emt
00:00:59]} 19. Rxh7 {[%clk 00:42:35] [%emt 00:03:09]} 19... f5 {[%clk 00:39:29]
[%emt 00:02:18]} 20. Bxc6+ {[%clk 00:42:24] [%emt 00:00:42]} 20... Nxc6 {[%clk
00:39:27] [%emt 00:00:32]} 21. Qxc6+ {[%clk 00:42:23] [%emt 00:00:31]} 21...
Qxc6 {[%clk 00:39:03] [%emt 00:00:54]} 22. Rxh8+ {[%clk 00:42:46] [%emt
00:00:08]} 22... Bxh8 {[%clk 00:38:31] [%emt 00:01:01]} 23. Rxc6 {[%clk
00:43:12] [%emt 00:00:04]} 23... exd4 {[%clk 00:36:58] [%emt 00:02:04]} 24.
Rc8+ {[%clk 00:43:27] [%emt 00:00:15]} 1-0

[Event "New Zealand Junior Championship"]
[Site "Wellington"]
[Date "2023.01.04"]
[Round "2.11"]
[White "Ng, Lok Jim (Lauren)"]
[Black "Gilmore, Blake"]
[Result "1/2-1/2"]
[WhiteElo "1417"]
[BlackElo "1725"]

1. d4 {[%clk 01:00:56] [%emt 00:00:03]} 1... Nf6 {[%clk 01:00:46] [%emt
00:00:14]} 2. c4 {[%clk 01:01:20] [%emt 00:00:06]} 2... g6 {[%clk 01:01:05]
[%emt 00:00:11]} 3. Nc3 {[%clk 01:01:43] [%emt 00:00:08]} 3... Bg7 {[%clk
01:01:30] [%emt 00:00:04]} 4. e4 {[%clk 01:02:06] [%emt 00:00:07]} 4... d6
{[%clk 01:01:49] [%emt 00:00:11]} 5. f4 {[%clk 01:02:31] [%emt 00:00:05]} 5...
c5 {[%clk 01:01:39] [%emt 00:00:41]} 6. d5 {[%clk 01:02:12] [%emt 00:00:49]}
6... Qa5 {[%clk 01:00:38] [%emt 00:01:30]} 7. Bd2 {[%clk 01:00:44] [%emt
00:01:58]} 7... Qb6 {[%clk 01:00:16] [%emt 00:00:53]} 8. Qc2 {[%clk 00:59:51]
[%emt 00:01:22]} 8... O-O {[%clk 01:00:06] [%emt 00:00:40]} 9. Nf3 {[%clk
00:59:51] [%emt 00:00:29]} 9... Bg4 {[%clk 00:57:04] [%emt 00:03:33]} 10. Be2
{[%clk 00:58:51] [%emt 00:01:29]} 10... Bxf3 {[%clk 00:56:41] [%emt 00:00:54]}
11. Bxf3 {[%clk 00:59:09] [%emt 00:00:12]} 11... Nbd7 {[%clk 00:57:05] [%emt
00:00:06]} 12. O-O {[%clk 00:58:21] [%emt 00:01:17]} 12... Qd8 {[%clk 00:54:55]
[%emt 00:02:42]} 13. Rae1 {[%clk 00:54:36] [%emt 00:04:14]} 13... Nb6 {[%clk
00:53:31] [%emt 00:01:54]} 14. b3 {[%clk 00:52:59] [%emt 00:02:08]} 14... Qd7
{[%clk 00:50:32] [%emt 00:03:29]} 15. e5 {[%clk 00:51:33] [%emt 00:01:55]}
15... Ne8 {[%clk 00:49:11] [%emt 00:01:51]} 16. e6 {[%clk 00:46:56] [%emt
00:05:06]} 16... fxe6 {[%clk 00:49:12] [%emt 00:00:29]} 17. dxe6 {[%clk
00:46:50] [%emt 00:00:36]} 17... Qc8 {[%clk 00:49:31] [%emt 00:00:12]} 18. Nd5
{[%clk 00:46:35] [%emt 00:00:45]} 18... Nxd5 {[%clk 00:49:37] [%emt 00:00:24]}
19. Bxd5 {[%clk 00:46:11] [%emt 00:00:54]} 19... Nc7 {[%clk 00:49:56] [%emt
00:00:12]} 20. Bc3 {[%clk 00:43:41] [%emt 00:02:58]} 20... Rb8 {[%clk 00:47:16]
[%emt 00:03:11]} 21. Bxg7 {[%clk 00:43:24] [%emt 00:00:47]} 21... Kxg7 {[%clk
00:47:45] [%emt 00:00:02]} 22. f5 {[%clk 00:42:49] [%emt 00:01:04]} 22... Qe8
{[%clk 00:47:47] [%emt 00:00:28]} 23. Qc3+ {[%clk 00:41:25] [%emt 00:01:53]}
23... Rf6 {[%clk 00:46:49] [%emt 00:01:29]} 24. fxg6 {[%clk 00:39:28] [%emt
00:02:26]} 24... Qxg6 {[%clk 00:46:08] [%emt 00:01:12]} 25. Rxf6 {[%clk
00:35:05] [%emt 00:04:52]} 25... Qxf6 {[%clk 00:46:13] [%emt 00:00:25]} 26.
Qg3+ {[%clk 00:27:09] [%emt 00:08:25]} 26... Qg6 {[%clk 00:43:45] [%emt
00:02:59]} 27. Qc3+ {[%clk 00:22:16] [%emt 00:05:23]} 27... Qf6 {[%clk
00:44:02] [%emt 00:00:14]} 28. Qg3+ {[%clk 00:21:08] [%emt 00:01:37]} 28... Qg6
{[%clk 00:44:28] [%emt 00:00:06]} 29. Qxg6+ {[%clk 00:21:33] [%emt 00:00:04]}
29... hxg6 {[%clk 00:44:00] [%emt 00:00:57]} 30. Rf1 {[%clk 00:20:58] [%emt
00:01:05]} 30... Rf8 {[%clk 00:44:23] [%emt 00:00:08]} 31. Rxf8 {[%clk
00:20:15] [%emt 00:01:13]} 31... Kxf8 {[%clk 00:44:51] [%emt 00:00:02]} 32. g4
{[%clk 00:19:54] [%emt 00:00:49]} 32... g5 {[%clk 00:40:32] [%emt 00:04:50]}
33. Bxb7 {[%clk 00:15:48] [%emt 00:04:36]} 33... Nxe6 {[%clk 00:40:54] [%emt
00:00:08]} 34. Bc8 {[%clk 00:15:29] [%emt 00:00:49]} 34... Nf4 {[%clk 00:40:02]
[%emt 00:01:22]} 35. Bf5 {[%clk 00:15:28] [%emt 00:00:32]} 35... Kf7 {[%clk
00:40:21] [%emt 00:00:11]} 36. Kf2 {[%clk 00:15:22] [%emt 00:00:36]} 36... Kf6
{[%clk 00:39:49] [%emt 00:01:02]} 37. Ke3 {[%clk 00:14:59] [%emt 00:00:52]}
37... Ke5 {[%clk 00:39:30] [%emt 00:00:50]} 38. Bc2 {[%clk 00:13:39] [%emt
00:01:51]} 38... Ng2+ {[%clk 00:37:36] [%emt 00:02:24]} 39. Kf2 {[%clk
00:13:42] [%emt 00:00:27]} 39... Nf4 {[%clk 00:37:51] [%emt 00:00:15]} 40. Ke3
{[%clk 00:13:31] [%emt 00:00:40]} 40... e6 {[%clk 00:37:56] [%emt 00:00:26]}
41. Bb1 {[%clk 00:12:51] [%emt 00:01:10]} 41... d5 {[%clk 00:38:06] [%emt
00:00:21]} 42. cxd5 {[%clk 00:12:41] [%emt 00:00:40]} 42... exd5 {[%clk
00:35:17] [%emt 00:03:18]} 43. Bf5 {[%clk 00:12:37] [%emt 00:00:34]} 43... c4
{[%clk 00:34:39] [%emt 00:01:08]} 44. bxc4 {[%clk 00:12:48] [%emt 00:00:19]}
44... dxc4 {[%clk 00:35:06] [%emt 00:00:03]} 45. a3 {[%clk 00:11:34] [%emt
00:01:44]} 45... a5 {[%clk 00:35:06] [%emt 00:00:30]} 46. a4 {[%clk 00:11:55]
[%emt 00:00:09]} 46... Kd5 {[%clk 00:33:13] [%emt 00:02:23]} 47. Kd2 {[%clk
00:11:33] [%emt 00:00:53]} 47... Kd4 {[%clk 00:33:12] [%emt 00:00:31]} 48. Kc2
{[%clk 00:11:27] [%emt 00:00:36]} 48... Nd5 {[%clk 00:32:30] [%emt 00:01:12]}
49. Be6 {[%clk 00:10:54] [%emt 00:01:03]} 49... Nb6 {[%clk 00:30:34] [%emt
00:02:28]} 50. h4 {[%clk 00:07:48] [%emt 00:03:35]} 50... gxh4 {[%clk 00:31:02]
[%emt 00:00:02]} 51. g5 {[%clk 00:07:49] [%emt 00:00:29]} 51... Nd5 {[%clk
00:30:00] [%emt 00:01:33]} 52. g6 {[%clk 00:06:05] [%emt 00:02:13]} 52... Ne7
{[%clk 00:29:44] [%emt 00:00:47]} 53. g7 {[%clk 00:05:28] [%emt 00:01:05]}
53... c3 {[%clk 00:24:37] [%emt 00:05:37]} 54. Bh3 {[%clk 00:05:13] [%emt
00:00:45]} 54... Kc4 {[%clk 00:23:49] [%emt 00:01:18]} 55. Bg4 {[%clk 00:04:18]
[%emt 00:01:25]} 55... Kb4 {[%clk 00:23:56] [%emt 00:00:24]} 56. Bd7 {[%clk
00:04:19] [%emt 00:00:28]} 56... Kc4 {[%clk 00:21:41] [%emt 00:02:45]} 57. Bg4
{[%clk 00:04:04] [%emt 00:00:44]} 57... Kd4 {[%clk 00:20:57] [%emt 00:01:14]}
58. Bh3 {[%clk 00:03:32] [%emt 00:01:02]} 58... Ng8 {[%clk 00:20:50] [%emt
00:00:37]} 59. Be6 {[%clk 00:03:14] [%emt 00:00:48]} 59... Nf6 {[%clk 00:21:05]
[%emt 00:00:15]} 60. Bh3 {[%clk 00:02:50] [%emt 00:00:54]} 60... Kc4 {[%clk
00:21:00] [%emt 00:00:36]} 61. Bf5 {[%clk 00:01:52] [%emt 00:01:28]} 61... Kb4
{[%clk 00:21:10] [%emt 00:00:19]} 62. Be6 {[%clk 00:02:03] [%emt 00:00:19]}
62... Kxa4 {[%clk 00:14:26] [%emt 00:07:14]} 63. Kxc3 {[%clk 00:02:15] [%emt
00:00:18]} 63... Ka3 {[%clk 00:14:45] [%emt 00:00:12]} 64. g8=Q {[%clk
00:02:17] [%emt 00:00:28]} 64... Nxg8 {[%clk 00:15:13]} 65. Bxg8 {[%clk
00:02:33] [%emt 00:00:14]} 65... h3 {[%clk 00:15:33] [%emt 00:00:10]} 66. Bd5
{[%clk 00:02:58] [%emt 00:00:05]} 66... h2 {[%clk 00:15:49] [%emt 00:00:14]}
67. Be4 {[%clk 00:03:20] [%emt 00:00:08]} 67... a4 {[%clk 00:15:37] [%emt
00:00:43]} 68. Bf3 {[%clk 00:03:28] [%emt 00:00:21]} 68... Ka2 {[%clk 00:15:57]
[%emt 00:00:10]} 69. Kc2 {[%clk 00:03:30] [%emt 00:00:29]} 69... Ka1 {[%clk
00:15:19] [%emt 00:01:08]} 70. Kc1 {[%clk 00:03:32] [%emt 00:00:27]} 70... a3
{[%clk 00:14:49] [%emt 00:01:01]} 71. Bg2 {[%clk 00:03:40] [%emt 00:00:22]}
71... a2 {[%clk 00:15:09] [%emt 00:00:11]} 72. Bh1 {[%clk 00:03:18] [%emt
00:00:04]} 1/2-1/2

[Event "New Zealand Junior Championship"]
[Site "Wellington"]
[Date "2023.01.05"]
[Round "3.1"]
[White "Barnett-Harris, Lucas"]
[Black "Gong, Daniel Hanwen"]
[Result "0-1"]
[WhiteElo "1769"]
[BlackElo "2388"]

1. d4 {[%clk 01:00:58] [%emt 00:00:01]} 1... d6 {[%clk 01:00:57] [%emt
00:00:04]} 2. c4 {[%clk 01:01:23] [%emt 00:00:05]} 2... e5 {[%clk 01:01:22]
[%emt 00:00:04]} 3. d5 {[%clk 01:01:42] [%emt 00:00:13]} 3... f5 {[%clk
01:01:49] [%emt 00:00:01]} 4. Nc3 {[%clk 01:02:05] [%emt 00:00:07]} 4... Be7
{[%clk 01:02:07] [%emt 00:00:13]} 5. g3 {[%clk 01:00:41] [%emt 00:01:54]} 5...
a5 {[%clk 01:02:09] [%emt 00:00:28]} 6. e4 {[%clk 01:00:12] [%emt 00:00:58]}
6... Na6 {[%clk 01:02:13] [%emt 00:00:26]} 7. Bg2 {[%clk 00:57:30] [%emt
00:03:13]} 7... Nc5 {[%clk 01:02:40] [%emt 00:00:04]} 8. Be3 {[%clk 00:55:29]
[%emt 00:02:30]} 8... Nxe4 {[%clk 01:02:44] [%emt 00:00:26]} 9. Nxe4 {[%clk
00:55:20] [%emt 00:00:38]} 9... fxe4 {[%clk 01:03:11] [%emt 00:00:04]} 10. Bxe4
{[%clk 00:55:30] [%emt 00:00:19]} 10... Nf6 {[%clk 01:03:39] [%emt 00:00:03]}
11. Bg2 {[%clk 00:55:48] [%emt 00:00:13]} 11... Ng4 {[%clk 01:03:09] [%emt
00:01:00]} 12. Bd2 {[%clk 00:52:23] [%emt 00:03:54]} 12... O-O {[%clk 01:03:34]
[%emt 00:00:05]} 13. f3 {[%clk 00:52:19] [%emt 00:00:34]} 13... Nf6 {[%clk
01:03:13] [%emt 00:00:51]} 14. Ne2 {[%clk 00:51:22] [%emt 00:01:27]} 14... c6
{[%clk 01:03:04] [%emt 00:00:40]} 15. Nc3 {[%clk 00:44:56] [%emt 00:06:55]}
15... cxd5 {[%clk 01:02:40] [%emt 00:00:54]} 16. cxd5 {[%clk 00:45:12] [%emt
00:00:14]} 16... a4 {[%clk 00:57:32] [%emt 00:05:38]} 17. b3 {[%clk 00:41:31]
[%emt 00:04:11]} 17... b5 {[%clk 00:56:30] [%emt 00:01:32]} 18. O-O {[%clk
00:41:22] [%emt 00:00:38]} 18... Qb6+ {[%clk 00:55:30] [%emt 00:01:30]} 19. Kh1
{[%clk 00:41:42] [%emt 00:00:10]} 19... a3 {[%clk 00:53:11] [%emt 00:02:50]}
20. f4 {[%clk 00:37:25] [%emt 00:04:47]} 20... b4 {[%clk 00:40:22] [%emt
00:13:19]} 21. fxe5 {[%clk 00:36:48] [%emt 00:01:07]} 21... bxc3 {[%clk
00:40:42] [%emt 00:00:09]} 22. exf6 {[%clk 00:37:11] [%emt 00:00:07]} 22...
Bxf6 {[%clk 00:41:10] [%emt 00:00:03]} 23. Rxf6 {[%clk 00:37:29] [%emt
00:00:11]} 23... Rxf6 {[%clk 00:41:02] [%emt 00:00:39]} 24. Bxc3 {[%clk
00:37:48] [%emt 00:00:11]} 24... Rf7 {[%clk 00:40:17] [%emt 00:01:12]} 25. Bd2
{[%clk 00:36:37] [%emt 00:01:44]} 25... Bf5 {[%clk 00:37:09] [%emt 00:03:38]}
26. Rc1 {[%clk 00:35:58] [%emt 00:01:08]} 26... Re8 {[%clk 00:35:32] [%emt
00:02:06]} 27. Bf4 {[%clk 00:32:05] [%emt 00:04:24]} 27... Qb4 {[%clk 00:34:53]
[%emt 00:01:05]} 28. Bd2 {[%clk 00:28:54] [%emt 00:03:46]} 28... Qd4 {[%clk
00:34:54] [%emt 00:00:26]} 29. Bc3 {[%clk 00:29:04] [%emt 00:00:22]} 29... Qf2
{[%clk 00:34:07] [%emt 00:01:17]} 30. Qg1 {[%clk 00:23:42] [%emt 00:05:52]}
30... Qxa2 {[%clk 00:33:42] [%emt 00:00:54]} 31. Rf1 {[%clk 00:23:22] [%emt
00:00:49]} 31... Re2 {[%clk 00:31:47] [%emt 00:02:25]} 32. h3 {[%clk 00:21:27]
[%emt 00:02:25]} 32... Rxg2 {[%clk 00:32:02] [%emt 00:00:15]} 33. Qxg2 {[%clk
00:21:43] [%emt 00:00:14]} 33... Be4 {[%clk 00:32:22] [%emt 00:00:10]} 0-1